000 00653nam a2200217 a 4500
001 BRCA_5563
005 20190320205131.0
008 180211s1945----sp-a######---#000-0#spa-#
041 _aspa
044 _asp
050 4 _aNA1305
_b.C35 1945
100 1 _aCamon Aznar, José
_910797
245 1 0 _aLa arquitectura plateresca
_cJosé Camon Aznar.
260 _aMadrid
_bConsejo Superior de Investigaciones Científicas : Instituto Diego Velazquez
_c1945
300 _a2 v.
_bil., 602 láminas
_c25 cm.
500 _aF38
650 1 4 _aArquitectura española
_911639
650 1 4 _aAruitectura religiosa
_zEspaña
_914194
902 _aGFM
942 _2lcc
_cB
999 _c5257
_d5257